000
00268nam a22001097a 4500
008
170116b xxu||||| |||| 00| 0 eng d
020
_a
9780131191266
041
_a
eng
080
_2
4TH
_a
618.2
245
_a
THEORY CONSTTRUCTION IN NURSING
_c
WALKER, L.O
942
_2
udc
_c
BK
999
_c
2907
_d
2907